000 00522nam a2200193Ia 4500
005 20250508151458.0
008 008 250505s9999 xx 000 0 hin d
037 _aTextual
040 _aFEDL
_beng
_cFEDL
041 _ahin
_2hin
084 _a157.3, KEN
_qFEDL
100 _aKendy John
_9759237
245 0 _aChinta uska udgum aur upchar
260 _aDelhi, India
_bRajkamal Prakashan
300 _a73p.
650 _aAbnormal Psychology
942 _cTEXL
_h157.3, KEN
999 _c1330074
_d1330074